Význam kultúrnych a etických princípov v ekonomickej, finančnej a podnikateľskej sfére
Súčasný kolaps finančného systému - príčiny a dopady. Dopad finančnej krízy na neekonomickú sféru. Konjunktúra na trhu s umením, ktorá sa prejavuje od začiatku 21. storočia. Tendencia nezmieriteľného a antagonistického stretu rozdielnych kultúr. Význam kultúry a etiky podnikania vo výuke na Ekonomi...
Enregistré dans:
| Auteur principal: | |
|---|---|
| Format: | Chapitre de livre |
| Langue: | slovaque |
| Sujets: | |
| Tags: |
Pas de tags, Soyez le premier à ajouter un tag!
|
MARC
| LEADER | 00000naa$a2200000$$$4500 | ||
|---|---|---|---|
| 001 | 0094549 | ||
| 005 | 20240502072042.8 | ||
| 041 | 0 | |a slo | |
| 044 | |a SK | ||
| 245 | 1 | 0 | |a Význam kultúrnych a etických princípov v ekonomickej, finančnej a podnikateľskej sfére |c Víťazoslav Balhar |
| 520 | |a Súčasný kolaps finančného systému - príčiny a dopady. Dopad finančnej krízy na neekonomickú sféru. Konjunktúra na trhu s umením, ktorá sa prejavuje od začiatku 21. storočia. Tendencia nezmieriteľného a antagonistického stretu rozdielnych kultúr. Význam kultúry a etiky podnikania vo výuke na Ekonomickej univerzite v Bratislave. | ||
| 610 | 2 | 0 | |a civilizácia |
| 610 | 2 | 0 | |a spoločnosť |
| 610 | 2 | 0 | |a kultúra |
| 610 | 2 | 0 | |a etika |
| 610 | 2 | 0 | |a kríza finančná |
| 610 | 2 | 0 | |a globalizácia |
| 610 | 2 | 0 | |a podnikanie |
| 610 | 2 | 0 | |a etika podnikateľská |
| 100 | 1 | |a Balhar, Víťazoslav | |